| 000 | 00672nam a2200241Ia 4500 | ||
|---|---|---|---|
| 003 | OSt | ||
| 005 | 20220926045904.0 | ||
| 006 | a|||||r|||| 00| 0 | ||
| 007 | ta | ||
| 008 | 220923b |||||||| |||| 00| 0 eng d | ||
| 037 | _cGeneral Book | ||
| 040 |
_aRTL _cRTL _beng |
||
| 041 |
_2eng _aeng |
||
| 082 | _aY5926:4:67.2.N53t, J5.2/TD | ||
| 110 |
_aINDIA, BACKWARD CLASSES(COMMISSION) _9350736 |
||
| 245 | 0 | _aReport | |
| 260 | _c1955 | ||
| 300 |
_a251P. _ccm. |
||
| 500 | _aBibliography: p 177-94 | ||
| 700 |
_aINDIA, BACKWARD CLASSES(COMMISSION) _9350737 |
||
| 942 |
_hY5926:4:67.2.N53t, J5.2/TD _cGB _2CC |
||
| 999 |
_c678905 _d678905 |
||